000 00304nam a22001337a 4500
008 170810b xxu||||| |||| 00| 0 eng d
020 _a9781563086243
041 _aeng
080 _a004
100 _a35
101 _aSHKI
245 _aREFERENCE AND INFORMATION SERVICES
_cBOPP, R.E
942 _2udc
_cBK
999 _c23137
_d23137